| 000 | 00593nam a22001697a 4500 | ||
|---|---|---|---|
| 005 | 20260430101519.0 | ||
| 008 | 260430b |||||||| |||| 00| 0 eng d | ||
| 020 |
_a9780406850416 _qhbk |
||
| 041 | _aeng | ||
| 082 | _a348.42 ALL.2 | ||
| 245 |
_aThe All England Law Reports 1950 _bof cases decided in The House of Lords The Privy Council All Divisions of the Supreme Court and Courts of Special Jurisdiction _nVol. 2 |
||
| 260 |
_aLondon _bButterworth & Co. (Publishers) Ltd. _c1950 |
||
| 300 |
_a1252p. : _c25cm |
||
| 504 | _aindex | ||
| 650 | _aLaws, regulations & cases | ||
| 942 | _cENGLISH | ||
| 999 |
_c621642 _d621642 |
||